| 000 | 00601nam a2200193 a 4500 | ||
|---|---|---|---|
| 001 | 3800 | ||
| 003 | CDMR | ||
| 005 | 20131126130405.0 | ||
| 008 | 130130s1991||||||||||||||||||||||||||||d | ||
| 020 | _a2859000437 | ||
| 040 |
_aCDMR _bcat _cCDMR |
||
| 100 | 1 |
_aGravend, Jacques _92685 |
|
| 245 | 1 | 3 |
_aLe journal municipal _cJacques Gravend |
| 260 |
_aParis _c1991 _bCentre de Formation et de Perfectionnament des Journalistes (CFPJ) |
||
| 300 |
_a119 p ; _c18 cm |
||
| 490 | 0 |
_aGuides du Centre de formation et de perfectionnement des journalistes _v17 |
|
| 650 | 0 | 4 |
_91693 _aPremsa comarcal |
| 942 |
_cMON _2udc |
||
| 999 |
_c3800 _d3800 |
||